Cartoons by Socks Click Quiz Stats

Quiz Updated Sep 12, 2017

Challenge
Share
Tweet
Score 0/18 Timer 02:00
10 Plays Today
% Correct
Fred Flintstone
97.3%
SpongeBob SquarePants
97.1%
Scooby-Doo
97%
Goofy
96.8%
Bugs Bunny
96.7%
Pikachu
96.6%
Charlie Brown
96.6%
The Powerpuff Girls
96.5%
Mickey Mouse
96.5%
% Correct
Bart Simpson
96.5%
Hello Kitty
96.5%
Daffy Duck
95.9%
Vanity Smurf
95.9%
My Little Pony
95.5%
Rugrats
95.1%
Family Guy
94.7%
Bender
93.9%
South Park
93.1%

You're not logged in!

Compare scores with friends on all Sporcle quizzes.
Sign Up with Email
OR
Log In

You Might Also Like...

Show Comments

Extras

Top Quizzes Today


Score Distribution

Your Account Isn't Verified!

In order to create a playlist on Sporcle, you need to verify the email address you used during registration. Go to your Sporcle Settings to finish the process.